000 00606 a2200193 4500
999 _c3058
_d3058
020 _a0852242573 :
050 0 0 _aKF385STE 1974
100 1 _aStein, Peter,
_d1926-
_eauthor
245 1 0 _aLegal values in western society /
_c[by] Peter Stein, John Shand.
264 _aEdinburgh :
_bEdinburgh university press.
_c1974
300 _avii, 280 p. ;
500 _aIncludes index.
504 _aIncludes bibliographical references and index.
650 0 _aLaw
_xPhilosophy.
650 0 _aLaw
650 0 _aSociological jurisprudence.
700 1 _aShand, John,
_ejoint author.
942 _2lcc
_cBK
_h385
_iSTE
_kKJC